| 000 | 00588nam a22001577a 4500 | ||
|---|---|---|---|
| 003 | OSt | ||
| 005 | 20151001091958.0 | ||
| 008 | 151001b xxu||||| |||| 00| 0 eng d | ||
| 040 | _cRUA | ||
| 082 | _aAVM ឡាំ 1992 B065 Or.1 | ||
| 100 |
_91642 _aឡាំ សៅឡេង |
||
| 245 | _aវិធានការណ៍ការពារ និង ព្យាបាល ជម្ងឺ fasciolose et paramphistomose លើសត្តគោ ក្របី នៅខេត្តកណ្តាល | ||
| 260 |
_aPhnom Penh _bRUA _c1992 |
||
| 300 |
_a73p. _bill. _c29cm. |
||
| 942 |
_2ddc _cAVM |
||
| 999 |
_c1550 _d1550 |
||